USA Olympic 2024 Basketball-Team - Statistics

General Stats
  • This quiz has been taken 85 times
    38 since last reset
  • The average score is 11 of 14
Answer Stats
Hint Answer % Correct
PG Steph Curry
100%
F LeBron James
97%
Headcoach Steve Kerr
94%
SG Anthony Edwards
91%
C Anthony Davis
88%
F Jayson Tatum
88%
F Kevin Durant
88%
C Joel Embiid
84%
G Derrick White
78%
SG Devin Booker
78%
G Jrue Holiday
78%
C Bam Adebayo
75%
PG Tyrese Haliburton
72%
F Kawhi Leonard
28%
No matching quizzes found
Score Distribution
Percent of People with Each Score
Percentile by Number Answered
Your Score History
You have not taken this quiz since the last reset